Cesta šamana. Kniha 5., Karmadontova šachovnice /
Nová dobrodružství šamana Mahana. Kniha navazuje na předchozí díl Hrad fantomů.
Uloženo v:
| Série: | Cesta šamana,
část 5 |
|---|---|
| Hlavní autor: | |
| Další autoři: | |
| Médium: | E-kniha |
| Jazyk: | Czech |
| Vydáno: |
Ostrava :
Fantom Print,
2019
|
| Vydání: | 1. vydání |
| Témata: | |
| Příbuzné jednotky: | Název anglického překladu::
Karmadont chess set Z cyklu:: Cesta šamana |
| Tagy: |
Žádné tagy |
| LEADER | 02819nam a2200481 i 4500 | ||
|---|---|---|---|
| 001 | 311035 | ||
| 003 | CZ PrSKC | ||
| 005 | 20260601215658.0 | ||
| 007 | ta | ||
| 008 | 190507s2019 xr g 000 f cze | ||
| 015 | |a cnb003096924 | ||
| 020 | |a 9788075940292 |q (brožováno) | ||
| 035 | |a (OCoLC)1111968957 | ||
| 040 | |a ABG001 |b cze |d ABA001 |e rda | ||
| 041 | 1 | |a cze |k eng |h rus | |
| 072 | 7 | |a 821.161.1 |x Ruská literatura, rusky psaná |2 Konspekt | |
| 080 | |a 821.161.1-31 |2 MRF | ||
| 080 | |a (0:82-312.9) |2 MRF | ||
| 100 | 1 | |a Machanenko, Vasilij Michajlovič, |d 1981- |7 xx0216035 |4 aut | |
| 240 | 1 | 0 | |a Šachmaty Karmadonta. |l Česky |
| 245 | 1 | 0 | |a Cesta šamana. |n Kniha 5., |p Karmadontova šachovnice / |c V. Mahaněnko ; překlad Martin Kapalka |
| 246 | 3 | 0 | |a Karmadontova šachovnice |
| 250 | |a 1. vydání | ||
| 264 | 1 | |a Ostrava : |b Fantom Print, |c 2019 | |
| 300 | |a 319 stran ; |c 21 cm | ||
| 336 | |a text |b txt |2 rdacontent | ||
| 337 | |a bez média |b n |2 rdamedia | ||
| 338 | |a svazek |b nc |2 rdacarrier | ||
| 500 | |a Přeloženo z anglické verze ruského originálu? | ||
| 520 | 2 | |a Nová dobrodružství šamana Mahana. Kniha navazuje na předchozí díl Hrad fantomů. |b Barliona. Virtuální svět narvaný k prasknutí monstry, bitvami a samozřejmě hráči. Šaman Mahan se jako novopečený majitel hradu Altameda připravuje na nová dobrodružství, ale zbytek hráčů Barliony očekává spíš klidnější herní chvíle. Vždyť na události v Temném hvozdě již padl prach, situace ohledně Altamedy se vyřešila a Geranika si své plány na zničení všehomíra chystá kdesi daleko. Na stereotypní život ale není Mahan připravený. V Barlioně přeci získal tolik úkolů, které je třeba dotáhnout: záchranu smečky Šedé smrti, jednání s piráty a především stále nedokončenou císařovu šachovnici, klíč k otevření Stvořitelovy hrobky. A možná je načase, aby si nejvyšší šaman našel učedníka... Nakladatelská anotace. | |
| 655 | 7 | |a ruské romány |7 fd133320 |2 czenas | |
| 655 | 7 | |a fantasy romány |7 fd184199 |2 czenas | |
| 655 | 9 | |a Russian fiction |2 eczenas | |
| 655 | 9 | |a fantasy novels |2 eczenas | |
| 700 | 1 | |a Kapalka, Martin, |d 1988- |7 kv2017964132 |4 trl | |
| 765 | 1 | |t Put‘ šamana - Šachmaty Karmadonta | |
| 765 | 0 | 8 | |i Název anglického překladu: |t Karmadont chess set |
| 787 | 0 | 8 | |i Z cyklu: |t Cesta šamana |g 5 |
| 900 | |a ABA001 |b 21 | ||
| 044 | |a xr | ||
| 910 | |a RBIT002 | ||
| 998 | |d 184625 |a https://core.palmknihy.cz/api/books/184625/cover?pq1ned |b https://core.palmknihy.cz/api/books/184625/cover/400?pq1ned |c https://core.palmknihy.cz/api/books/184625/cover/50?pq1ned |e 2026-09-10 |g 320 |i 9788075940292 |j https://core.palmknihy.cz/api/books/184625/preview.epub |l |q 49 |r 1 |s https://www.palmknihy.cz/kniha/184625 |t ebook |y 2019 |z 0 |v Cesta šamana |w 5 | ||
| 999 | |d 311033 | ||